000 00813nam a2200193 a 4500
008 120416s1990 ||||||||||||||||| || u
020 _a094602779x
050 _aS 496 Dev
100 _aSpeedy, A
245 1 0 _aDeveloping world agriculture
_cedited by Dr. A. Speedy
260 _aLondon:
_bGresvenor International Press
_c1990
300 _a286p. : ill
350 _a0.00
650 _aAGRICULTURE--DEVELOPING COUNTRIES
650 _aAGRICULTURE
700 _aDr
995 _aMAIN LIBRARY OPEN ACCESS
_D0.00
_e722712
_FCBU-MAIN LIBRARY (Kitwe)
_H2
_I0.00
_jS 496 Dev
_M2
_UAVAILABLE
_y025556
_ZMain Library Open Access Collection
995 _aKAPASA MAKASA LIBRARY OPEN ACCESS
_D0.00
_e723713
_FCBU-KAPASA MAKASA LIBRARY (Chinsali)
_H1
_I0.00
_jS 496 Dev
_M1
_UAVAILABLE
_y005023
_ZKapasa Makasa Library Open Acess Collection
999 _c63483
_d63483